| 000 | 00902nam a22002051i 4500 | ||
|---|---|---|---|
| 001 | 181127 | ||
| 003 | ES-MaACL | ||
| 005 | 20231221192828.0 | ||
| 008 | 121023s1909 sp |||| | spa d | ||
| 100 | 1 |
_aBarnés, Domingo, _d1879-1940 _925714 |
|
| 245 | 1 | 0 |
_aEscuelas al aire libre = _b(Open-air schools) / _cpor Domingo Barnés. |
| 260 |
_a[Madrid : _bJunta para Ampliación de Estudios e Investigaciones Científicas, _c1909] |
||
| 300 |
_aP. 61-83 ; _c23 cm. |
||
| 490 | 1 |
_aAnales de la Junta para Ampliación de Estudios e Investigaciones Científicas ; _v1, memoria 2 |
|
| 650 | 4 |
_aColonias escolares. _9148873 |
|
| 710 | 2 |
_aJunta para la Ampliación de Estudios e Investigaciones Científicas. _95413 |
|
| 830 | 1 |
_aAnales de la Junta para Ampliación de Estudios e Investigaciones Científicas ; _v1, memoria 2 _9186710 |
|
| 852 |
_aES-MaACL _jB-13157(2) |
||
| 999 |
_c181127 _d181127 |
||